000 00203nam a22000857a 4500
008 170504b xxu||||| |||| 00| 0 eng d
100 _93096
_aSubhash Dey
245 _aBusiness Studies-XII
260 _aNew Delhi
999 _c6383
_d6383